Statistics for Twentieth place Countries

Click here to take the quiz!

General Stats

  • This quiz has been taken 32 times
  • The average score is 6 of 18

Answer Stats

What the country is twentieth in Answer % Correct
Highest Internet penetration ratesJapan
79%
Most GDP per capitaCanada
71%
Oil productionColombia
63%
Highest literacy ratePoland
58%
Largest populationThailand
50%
Largest land areaPeru
46%
Lowest literacy rateBangladesh
38%
Lowest population growth rateCuba
33%
Most dangerousChad
33%
Highest population growth rateAngola
29%
Least GDP per capitaUganda
25%
SafestThe Netherlands
25%
Longest coastlineCroatia
25%
Highest life expectancyCyprus
21%
Smallest land areaMicronesia
13%
Lowest life expectancyBurkina Faso
13%
Smallest populationSao Tome and Principe
8%
Largest population densityComoros
4%

Score Distribution

Percentile by Number Answered

Percent of People with Each Score

Your Score History

You have not taken this quiz